Once and For All- Newsies the Musical- Lyrics - Statistics

General Stats
  • This quiz has been taken 49 times
  • The average score is 302 of 373
Answer Stats
Character Lyric % Correct
a
100%
all
100%
and
100%
for
100%
on
100%
once
100%
Davey | Ike, Mush, Davey, Race, Mike | Jack | +3 others Once
100%
come
97%
is
97%
the
97%
to
97%
we
97%
as
94%
change
94%
front
94%
In
94%
in
94%
lose
94%
new
94%
news
94%
page
94%
see
94%
Newsies See
94%
they
94%
They
94%
this
94%
Newsies This
94%
we'll
94%
well
94%
ain't
91%
comin
91%
far
91%
needed
91%
story
91%
Jack | Newsies There's
91%
we're
91%
We're
91%
write
91%
Jack Write
91%
you
91%
are
89%
be
89%
blood
89%
fight
89%
gonna
89%
he
89%
it
89%
its
89%
major
89%
man
89%
of
89%
or
89%
out
89%
ready
89%
star
89%
sure
89%
Katherine, Jack, Davey tomorrow
89%
us
89%
war
89%
way
89%
what
89%
by
86%
day
86%
don't
86%
either
86%
his
86%
if
86%
ink
86%
Joe
86%
makes
86%
more
86%
no
86%
same
86%
sight
86%
they'll
86%
they're
86%
time
86%
while
86%
about
83%
damn
83%
few
83%
head
83%
hours
83%
kept
83%
light
83%
pay
83%
Pulitzer
83%
stay
83%
alive
80%
beggin
80%
bread
80%
but
80%
can
80%
care
80%
countin
80%
dawn's
80%
dead
80%
early
80%
satin
80%
seizing
80%
sheep
80%
sing
80%
sleep
80%
survive
80%
Talk
80%
with
80%
bed
77%
ol'
77%
pillows
77%
that
77%
under
77%
stop
74%
their
71%
Three
71%
we's
71%
keep
69%
who
69%
kids
66%
shoes
66%
feet
63%
shinin
63%
Then
63%
too
63%
won't
63%
away
60%
bosses
60%
carry
60%
em
60%
everyday
60%
freedom
60%
look
60%
snug
60%
spell
60%
air
57%
bleed
57%
(Newsies) Bleed
57%
cops
57%
guys
57%
manners
57%
shops
57%
street
57%
You're
57%
you're
57%
banners
54%
fists
54%
gettin
54%
mind
54%
square
54%
thousand
54%
world
54%
brawl
51%
fair
51%
holdin
51%
old
51%
promise
51%
standin
51%
sweatin
51%
tall
51%
Ten
51%
down
49%
weak
49%
been
46%
that's
46%
think
46%
til
46%
union
46%
without
46%
doubt
43%
gone
43%
rarin
43%
shut
43%
town
43%
wall
43%
Armies
40%
lies
40%
running
40%
stakes
40%
takes
40%
call
37%
gunnin
37%
I'm
37%
raisin
37%
rise
37%
seein
37%
sick
37%
whatever
37%
awakes
34%
glarin
34%
there'll
34%
town'll
20%
(Newsies) Ah
17%
Newsies Fin'lly
14%
ya
14%
achin
11%
fuse
9%
lightin'
9%
snooze
9%
No matching quizzes found
Score Distribution
Percent of People with Each Score
Percentile by Number Answered
Your Score History
You have not taken this quiz